| 000 | 00595nam a22001697a 4500 | ||
|---|---|---|---|
| 008 | 160123b xxu||||| |||| 00| 0 eng d | ||
| 020 | _a0618305327 | ||
| 082 |
_22004 _aDK12 540.76 _bH236 |
||
| 100 |
_91934 _aHall, James F. |
||
| 245 |
_aSolutions guide introductory chemistry, a foundation, indroductory chemistry, basic chemistry / _cJames F. Hall |
||
| 250 | _aFifth edition. | ||
| 260 |
_aBoston : _bHoughton Mifflin Co., _c2004. |
||
| 300 |
_aiv, 536 p. : _billustrations ; _c28 cm. |
||
| 650 | 0 |
_91935 _aChemistry _xProblems, exercises, etc. |
|
| 650 | 0 |
_91936 _aChemistry |
|
| 942 |
_2ddc _cBK |
||
| 999 |
_c736 _d736 |
||